| Tag |
First Indicator |
Second Indicator |
Subfields |
| LEADER |
00000cam a2200000 a 4500 |
| 001 |
in00003476894 |
| 005 |
20151206101930.0 |
| 008 |
070307r20071968nyu b 001 0aeng |
| 010 |
|
|
|a 2007009379
|
| 020 |
|
|
|a 9780195311808 (series : alk. paper)
|
| 020 |
|
|
|a 0195311809 (series : alk. paper)
|
| 020 |
|
|
|a 9780195325898 (volume : alk. paper)
|
| 020 |
|
|
|a 0195325893 (volume : alk. paper)
|
| 035 |
|
|
|a (OCoLC)ocm85898932
|
| 040 |
|
|
|a DLC
|c DLC
|d TXA
|d UtOrBLW
|
| 043 |
|
|
|a n-us---
|
| 049 |
|
|
|a TXAM
|
| 050 |
0 |
0 |
|a E185.97.D73
|b A3 2007
|
| 082 |
0 |
0 |
|a 305.896/0730092
|2 22
|
| 100 |
1 |
|
|a Du Bois, W. E. B.
|q (William Edward Burghardt),
|d 1868-1963.
|
| 245 |
1 |
4 |
|a The autobiography of W.E.B. Du Bois :
|b a soliloquy on viewing my life from the last decade of its first century /
|c W.E.B. Du Bois ; introduction by Arnold Rampersad.
|
| 264 |
|
1 |
|a New York :
|b Oxford University Press,
|c [2007]
|
| 264 |
|
4 |
|c ©2007
|
| 300 |
|
|
|a xxx, 295 pages ;
|c 24 cm.
|
| 336 |
|
|
|a text
|b txt
|2 rdacontent
|
| 337 |
|
|
|a unmediated
|b n
|2 rdamedia
|
| 338 |
|
|
|a volume
|b nc
|2 rdacarrier
|
| 490 |
1 |
|
|a The Oxford W.E.B. Du Bois
|
| 500 |
|
|
|a Originally published: New York : International Publishers, 1968. With a new introduction.
|
| 504 |
|
|
|a Includes bibliographical references (pages 291-295) and index.
|
| 505 |
0 |
|
|a Introduction -- PART ONE: My 15th trip abroad -- Western Europe -- The pawned peoples -- The Soviet Union -- China -- INTERLUDE: Communism -- PART TWO: My birth and family -- Boyhood in Great Barrington -- I go South -- Harvard in the last decades of the 19th century -- Europe 1892 to 1894 -- Wilberforce -- University of Pennsylvania -- Atlanta University -- The Niagara Movement -- The NAACP -- My character -- The Depression -- New Deal for Negroes -- I return to the NAACP -- PART THREE: Work for peace -- An indicted criminal -- The trial -- My tenth decade --Postlude.
|
| 600 |
1 |
0 |
|a Du Bois, W. E. B.
|q (William Edward Burghardt),
|d 1868-1963.
|
| 650 |
|
0 |
|a African Americans
|v Biography.
|
| 650 |
|
0 |
|a African American intellectuals
|v Biography.
|
| 650 |
|
0 |
|a African American civil rights workers
|v Biography.
|
| 650 |
|
0 |
|a Intellectuals
|z United States
|v Biography.
|
| 650 |
|
0 |
|a Civil rights workers
|z United States
|v Biography.
|
| 800 |
1 |
|
|a Du Bois, W. E. B.
|q (William Edward Burghardt),
|d 1868-1963.
|t Works.
|k Selections.
|f 2007.
|
| 856 |
4 |
1 |
|3 Table of contents only
|u http://catdir.loc.gov/catdir/toc/ecip0713/2007009379.html
|t 0
|
| 945 |
|
|
|a PromptCat
|
| 948 |
|
|
|a cataloged
|b h
|c 2014/7/1
|d c
|e dmitchel
|f 9:20:10 am
|
| 994 |
|
|
|a C0
|b TXA
|
| 999 |
|
|
|a MARS
|
| 999 |
f |
f |
|s cb950df9-d0ac-3243-b9a6-2fbc658ececd
|i 57666b6f-9630-31eb-8038-076ab6030eb0
|t 0
|
| 952 |
f |
f |
|p normal
|a Texas A&M University
|b College Station
|c Sterling C. Evans Library
|d Evans: Library Stacks
|t 0
|e E185.97.D73 A3 2007
|h Library of Congress classification
|i unmediated -- volume
|m A14842402894
|
| 998 |
f |
f |
|a E185.97.D73 A3 2007
|t 0
|l Evans: Library Stacks
|